000 004710000a22001690004500
041 0 _aENG
082 0 4 _aG 266 G4111f
100 1 _aGehman, Richard
245 1 0 _aLet my heart be broken : With the things that break the heart of God / Richard Gehman
260 _aNew York, N.Y., USA . McGraw-Hill
300 _a245 Pag
001 7275
942 _cBK
999 _c37491
_d37491
336 _atexto
_btxt
_2rdacontent
337 _2rdamedia
_asin mediación
_bn
338 _2rdacarrier
_avolumen
_bnc